Deutsche Fußball-Nationalspieler 2011 - Statistiken

Allgemein
  • Dieses Quiz wurde 116 mal gespielt
  • Das Durchschnittsergebnis liegt bei 18 aus 31
Antwortstatistiken
Hint Antwort % Korrekt
Tor Manuel Neuer
99%
Angriff Miroslav Klose
90%
Abwehr Philipp Lahm
90%
Mittelfeld Bastian Schweinsteiger
86%
Abwehr Mats Hummels
86%
Abwehr Jérôme Boateng
85%
Angriff Lukas Podolski
85%
Mittelfeld Thomas Müller
82%
Mittelfeld Toni Kroos
80%
Mittelfeld Sami Khedira
77%
Mittelfeld Mesut Özil
73%
Mittelfeld Mario Götze
72%
Abwehr Per Mertesacker
68%
Angriff Mario Gomez
66%
Mittelfeld Marco Reus
61%
Angriff André Schürrle
59%
Abwehr Benedikt Höwedes
58%
Tor Ron-Robert Zieler
55%
Tor Tim Wiese
53%
Abwehr Arne Friedrich
47%
Mittelfeld İlkay Gündoğan
39%
Abwehr Kevin Großkreutz
38%
Abwehr Marcel Schmelzer
36%
Angriff Cacau
35%
Mittelfeld Lars Bender
33%
Mittelfeld Sven Bender
33%
Abwehr Holger Badstuber
32%
Abwehr Dennis Aogo
28%
Mittelfeld Simon Rolfes
16%
Mittelfeld Lewis Holtby
14%
Abwehr Christian Träsch
11%
Keine übereinstimmenden Quizze gefunden
Verteilung der Resultate
Anzahl Personen mit jedem Resultat
Perzentil nach korrekt beantworteten Fragen
Ihre Resultats-Entwicklung
Sie haben dieses Quiz noch nicht gespielt